NBL MVPs - Statistics

General Stats
  • This quiz has been taken 8 times
  • The average score is 17 of 47
Answer Stats
Answer % Correct
Andrew Gaze
100%
Andrew Gaze
100%
Andrew Gaze
100%
Andrew Gaze
100%
Andrew Gaze
100%
Andrew Gaze
100%
Andrew Gaze
100%
Bryce Cotton
100%
Bryce Cotton
100%
Bryce Cotton
100%
Bryce Cotton
100%
Bryce Cotton
100%
Xavier Cooks
71%
Andrew Bogut
57%
Jaylen Adams
57%
Derek Rucker
29%
Kevin Lisch
29%
Kevin Lisch
29%
Leroy Loggins
29%
Leroy Loggins
29%
Leroy Loggins
29%
Rocky Smith
29%
Cedric Jackson
14%
Chris Anstey
14%
Chris Williams
14%
Corey Williams
14%
Gary Ervin
14%
Jerome Randle
14%
Ken Richardson
14%
Kirk Penney
14%
Mark Davis
14%
Mike Jones
14%
Rotnei Clarke
14%
Al Green
0%
Brian Conklin
0%
Brian Wethers
0%
Joe Hurst
0%
Mark Bradtke
0%
Matthew Nielsen
0%
Owen Wells
0%
Paul Rodgers
0%
Ray Borner
0%
Robert Rose
0%
Robert Rose
0%
Scott Fisher
0%
Scott Fisher
0%
Steve Woodberry
0%
No matching quizzes found
Score Distribution
Percent of People with Each Score
Percentile by Number Answered
Your Score History
You have not taken this quiz